000 00295nam a22001337a 4500
008 170412b xxu||||| |||| 00| 0 eng d
020 _a1895213223
041 _aeng
080 _a618
100 _a10
101 _aSHM
245 _aHORMONAL CONTRACEPTION
_cGOLDZIERHER.J.W
942 _2udc
_cBK
999 _c10582
_d10582